[Event "AUT-chT2M 2324"]
[Site "Austria"]
[Date "2023.12.03"]
[Round "5.3"]
[White "Riemelmoser, Franz"]
[Black "Weiss, Christian"]
[Result "0-1"]
[WhiteElo "2228"]
[BlackElo "2372"]
[PlyCount "104"]
[EventDate "2023.11.03"]
[EventType "team-tourn"]
[EventRounds "11"]
[EventCountry "AUT"]
[SourceTitle "CB16_2024"]
[SourceDate "2024.04.17"]
[SourceVersion "1"]
[SourceVersionDate "2024.04.17"]
[SourceQuality "1"]
[WhiteTeam "Villach Admira"]
[BlackTeam "Ansfelden Union"]
[WhiteTeamCountry "AUT"]
[BlackTeamCountry "AUT"]

1. c4 g6 2. g3 Bg7 3. Bg2 e5 4. Nc3 Nc6 5. Nf3 d6 6. d3 Nge7 7. Rb1 f5 8. Bd2 a5 9. a3 Be6 10. b4 axb4 11. axb4 Qd7 12. b5 Nd8 13. 0-0 h6 14. Ne1 0-0 15. Nd5 Bxd5 16. cxd5 Nf7 17. Qb3 Bf6 18. b6 cxb6 19. Nc2 Rfb8 20. Rfc1 Nc8 21. Na3 Bd8 22. Rc4 Ra6 23. e4 Rba8 24. Nb5 Na7 25. Nc3 Nc8 26. Be3 Ra1 27. Bh3 Rxb1+ 28. Qxb1 Ne7 29. Rb4 Ra6 30. Bf1 f4 31. Bxb6 Bxb6 32. Rxb6 Rxb6 33. Qxb6 fxg3 34. hxg3 Nd8 35. Nb5 Nc8 36. Qa5 Qe7 37. Kh2 g5 38. d4 g4 39. Qe1 h5 40. Qd1 Qf6 41. Qc1 Ne7 42. Nc7 Qg6 43. dxe5 dxe5 44. d6 Nec6 45. Bc4+ Kh7 46. Nb5 Qxe4 47. Ba2 Qf5 48. Bb1 e4 49. Qe3 Kg7 50. Nc3 Nf7 51. d7 Qf3 52. Qxf3 exf3 0-1

[Event "AUT-chT2M 2324"]
[Site "Austria"]
[Date "2023.11.04"]
[Round "2.3"]
[White "Weiss, Christian"]
[Black "Mazi, Leon"]
[Result "1-0"]
[WhiteElo "2372"]
[BlackElo "2320"]
[PlyCount "123"]
[EventDate "2023.11.03"]
[EventType "team-tourn"]
[EventRounds "11"]
[EventCountry "AUT"]
[SourceTitle "CB46_2023"]
[SourceDate "2023.11.15"]
[SourceVersion "1"]
[SourceVersionDate "2023.11.15"]
[SourceQuality "1"]
[WhiteTeam "Ansfelden Union"]
[BlackTeam "St Veit/Glan"]
[WhiteTeamCountry "AUT"]
[BlackTeamCountry "AUT"]

1. e4 c5 2. g3 d5 3. exd5 Qxd5 4. Nf3 Bg4 5. Bg2 Qe6+ 6. Kf1 Nc6 7. h3 Bh5 8. d3 Qd7 9. Na3 Bg6 10. Be3 e6 11. Nc4 f6 12. a4 Rd8 13. Kg1 Nb4 14. Kh2 Nd5 15. Re1 Nxe3 16. Rxe3 Ne7 17. Qe2 Bf7 18. Nfe5 fxe5 19. Nxe5 Qc7 20. Nxf7 Kxf7 21. Rf3+ Nf5 22. Kg1 h5 23. g4 hxg4 24. hxg4 g6 25. Re1 Qd6 26. gxf5 gxf5 27. Re3 Re8 28. Rh3 Bg7 29. Qf3 b6 30. Rxh8 Rxh8 31. Qb7+ Qe7 32. Qc6 Rh6 33. c3 Bf8 34. Re3 Qd6 35. Qa8 Qc7 36. Bc6 Qe7 37. Rg3 Rh8 38. Bb5 Bg7 39. Qc6 Rh6 40. Kf1 Be5 41. Rg1 Bd6 42. Qa8 Kf6 43. Bc4 Qf7 44. Qd8+ Be7 45. Qc8 Bd6 46. Ke1 Ke5 47. Qd8 Qe7 48. Qg8 Qh4 49. Qg7+ Kf4 50. Qxa7 Ke5 51. Qg7+ Kf4 52. Qb7 Qh2 53. Rf1 Ke5 54. Kd2 Kf6 55. Kc1 Qf4+ 56. Kb1 Qd2 57. Qxb6 Qe2 58. Rc1 Bf4 59. Qd8+ Kf7 60. Rg1 Qxf2 61. Rg8 Bd6 62. Qe8+ 1-0

[Event "AUT-chT2M 2223"]
[Site "Austria"]
[Date "2023.04.15"]
[Round "11.3"]
[White "Ftacnik, Lubomir"]
[Black "Weiss, Christian"]
[Result "1-0"]
[WhiteElo "2462"]
[BlackElo "2375"]
[PlyCount "48"]
[EventDate "2022.09.30"]
[EventType "team-tourn"]
[EventRounds "11"]
[EventCountry "AUT"]
[SourceTitle "EXT 2024"]
[Source "ChessBase"]
[SourceDate "2023.10.10"]
[SourceVersion "1"]
[SourceVersionDate "2023.10.10"]
[SourceQuality "1"]
[WhiteTeam "Pinggau Friedberg"]
[BlackTeam "Ansfelden Union"]
[WhiteTeamCountry "AUT"]
[BlackTeamCountry "AUT"]

1. Nf3 Nf6 2. c4 e6 3. Nc3 d5 4. e3 c6 5. d4 Nbd7 6. Qc2 b6 7. Bd3 Bb7 8. 0-0 Bd6 9. e4 dxe4 10. Nxe4 Nxe4 11. Bxe4 Qc7 12. Re1 h6 13. Be3 c5 14. Bxb7 Qxb7 15. d5 0-0-0 16. dxe6 fxe6 17. Bd2 Rhe8 18. Bc3 Nf8 19. Rad1 Rd7 20. Ne5 Bxe5 21. Bxe5 Red8 22. Rxd7 Rxd7 23. h4 Rd8 24. h5 Rd7 1-0

[Event "BL2-Ost 2223"]
[Site "Germany"]
[Date "2023.02.25"]
[Round "7.5"]
[White "Eichner, Sebastian"]
[Black "Weiss, Christian"]
[Result "1/2-1/2"]
[WhiteElo "2336"]
[BlackElo "2375"]
[PlyCount "27"]
[EventDate "2022.10.22"]
[EventType "team-tourn"]
[EventRounds "10"]
[EventCountry "GER"]
[SourceTitle "EXT 2024"]
[Source "ChessBase"]
[SourceDate "2023.10.10"]
[SourceVersion "1"]
[SourceVersionDate "2023.10.10"]
[SourceQuality "1"]
[WhiteTeam "Nickelhuette Aue"]
[BlackTeam "Passau"]
[WhiteTeamCountry "GER"]
[BlackTeamCountry "GER"]

1. d4 Nf6 2. c4 c5 3. d5 e6 4. Nc3 exd5 5. cxd5 d6 6. Nf3 g6 7. e4 Bg7 8. h3 0-0 9. Bd3 a6 10. a4 Nbd7 11. 0-0 Ne8 12. Bg5 f6 13. Be3 b6 14. Nd2 1/2-1/2

[Event "AUT-chT2M 2223"]
[Site "Austria"]
[Date "2022.10.23"]
[Round "6.3"]
[White "Weiss, Christian"]
[Black "Rogic, Davor"]
[Result "1/2-1/2"]
[WhiteElo "2375"]
[BlackElo "2452"]
[PlyCount "74"]
[EventDate "2022.09.30"]
[EventType "team-tourn"]
[EventRounds "11"]
[EventCountry "AUT"]
[SourceTitle "EXT 2024"]
[Source "ChessBase"]
[SourceDate "2023.10.10"]
[SourceVersion "1"]
[SourceVersionDate "2023.10.10"]
[SourceQuality "1"]
[WhiteTeam "Ansfelden Union"]
[BlackTeam "St Veit/Glan"]
[WhiteTeamCountry "AUT"]
[BlackTeamCountry "AUT"]

1. d4 d5 2. Nf3 Nf6 3. c4 e6 4. Nc3 c6 5. Bg5 Nbd7 6. e3 Qa5 7. Nd2 dxc4 8. Bxf6 Nxf6 9. Nxc4 Qc7 10. Rc1 Be7 11. g3 0-0 12. Bg2 Rd8 13. 0-0 Bd7 14. Qb3 Be8 15. Rfd1 Rac8 16. Ne5 Qb6 17. Qc2 c5 18. Ne4 Nxe4 19. Bxe4 g6 20. Nd3 c4 21. Nf4 Qa6 22. Qb1 b5 23. Bg2 Qb6 24. h4 Bf8 25. Qc2 Bg7 26. b3 Bd7 27. bxc4 Rxc4 28. Qb1 Rdc8 29. Nd3 Rxc1 30. Rxc1 Rxc1+ 31. Qxc1 a5 32. Nc5 Qc7 33. Bf1 b4 34. Qc4 Bf8 35. Nxd7 Qxd7 36. Qb5 Qc7 37. Qa4 Bd6 1/2-1/2

[Event "BL2-Ost 2122"]
[Site "Germany"]
[Date "2022.06.18"]
[Round "7.4"]
[White "Schenk, Andreas"]
[Black "Weiss, Christian"]
[Result "1/2-1/2"]
[WhiteElo "2418"]
[BlackElo "2376"]
[PlyCount "47"]
[EventDate "2022.03.05"]
[EventType "team-tourn"]
[EventRounds "10"]
[EventCountry "GER"]
[SourceTitle "EXT 2023"]
[Source "ChessBase"]
[SourceDate "2022.10.05"]
[SourceVersion "1"]
[SourceVersionDate "2022.10.05"]
[SourceQuality "1"]
[WhiteTeam "Bayern Muenchen II"]
[BlackTeam "Passau"]
[WhiteTeamCountry "GER"]
[BlackTeamCountry "GER"]

1. d4 Nf6 2. c4 e6 3. Nf3 c5 4. d5 exd5 5. cxd5 d6 6. Nc3 g6 7. h3 Bg7 8. e4 0-0 9. Bd3 b5 10. Bxb5 Nxe4 11. Nxe4 Qa5+ 12. Nfd2 Qxb5 13. Nxd6 Qa6 14. N2c4 Nd7 15. 0-0 Nb6 16. Nxb6 axb6 17. a4 Bd7 18. Ra3 Be5 19. Ne4 Rfe8 20. Bg5 Kg7 21. Qc1 Qe2 22. Bh6+ Kg8 23. Nc3 Qc4 24. Rd1 1/2-1/2

[Event "BL2-Ost 2122"]
[Site "Germany"]
[Date "2022.05.15"]
[Round "6.4"]
[White "Weiss, Christian"]
[Black "Schulz, Lukas"]
[Result "1-0"]
[WhiteElo "2376"]
[BlackElo "2286"]
[PlyCount "45"]
[EventDate "2022.03.05"]
[EventType "team-tourn"]
[EventRounds "10"]
[EventCountry "GER"]
[SourceTitle "EXT 2023"]
[Source "ChessBase"]
[SourceDate "2022.10.05"]
[SourceVersion "1"]
[SourceVersionDate "2022.10.05"]
[SourceQuality "1"]
[WhiteTeam "Passau"]
[BlackTeam "Erlangen"]
[WhiteTeamCountry "GER"]
[BlackTeamCountry "GER"]

1. d4 Nf6 2. g3 g6 3. Bg2 Bg7 4. e4 d6 5. Nc3 0-0 6. Nge2 Nbd7 7. h3 c5 8. 0-0 cxd4 9. Nxd4 Nc5 10. Be3 Bd7 11. Nb3 Qc7 12. e5 Nxb3 13. exf6 Nxa1 14. Nd5 Qxc2 15. Nxe7+ Kh8 16. fxg7+ Kxg7 17. Qxa1 Be6 18. b3+ f6 19. Nd5 Rac8 20. Rc1 Qf5 21. Rxc8 Bxc8 22. f4 Qd3 23. Nxf6 1-0

[Event "AUT-chT2M 2122"]
[Site "Austria"]
[Date "2022.03.27"]
[Round "9.3"]
[White "Ebner, Hubert"]
[Black "Weiss, Christian"]
[Result "1/2-1/2"]
[WhiteElo "2204"]
[BlackElo "2367"]
[PlyCount "49"]
[EventDate "2021.10.01"]
[EventType "team-tourn"]
[EventRounds "11"]
[EventCountry "AUT"]
[SourceTitle "EXT 2023"]
[Source "ChessBase"]
[SourceDate "2022.10.05"]
[SourceVersion "1"]
[SourceVersionDate "2022.10.05"]
[SourceQuality "1"]
[WhiteTeam "Frauental"]
[BlackTeam "Ansfelden Union"]
[WhiteTeamCountry "AUT"]
[BlackTeamCountry "AUT"]

1. d4 g6 2. c4 Bg7 3. e4 d6 4. Nc3 c5 5. Nge2 cxd4 6. Nxd4 Nf6 7. Be2 0-0 8. 0-0 Nc6 9. Be3 Bd7 10. Qd2 Nxd4 11. Bxd4 Bc6 12. f3 a5 13. b3 Nd7 14. Be3 Nc5 15. Rab1 Qc7 16. Rfd1 Rfc8 17. Bf1 Be5 18. Rdc1 Qd8 19. Rc2 Qf8 20. Bh6 Bg7 21. Be3 Be5 22. Bh6 Bg7 23. Be3 Be5 24. Bh6 Bg7 25. Be3 1/2-1/2

[Event "AUT-chT 1920"]
[Site "Austria"]
[Date "2020.01.10"]
[Round "6.3"]
[White "Walter, Stefan1111"]
[Black "Weiss, Christian"]
[Result "1-0"]
[WhiteElo "2388"]
[BlackElo "2376"]
[PlyCount "81"]
[EventDate "2019.10.10"]
[EventType "team-tourn"]
[EventRounds "11"]
[EventCountry "AUT"]
[SourceTitle "CBM 194 Extra"]
[Source "ChessBase"]
[SourceDate "2020.03.31"]
[SourceVersion "1"]
[SourceVersionDate "2020.03.31"]
[SourceQuality "1"]
[WhiteTeam "Goetzis"]
[BlackTeam "Ansfelden"]
[WhiteTeamCountry "AUT"]
[BlackTeamCountry "AUT"]

1. Nf3 c5 2. b3 Nf6 3. c4 g6 4. Bb2 Bg7 5. g3 0-0 6. Bg2 Nc6 7. 0-0 d6 8. d3 Bg4 9. h3 Bd7 10. Nbd2 a6 11. e3 b5 12. Qe2 Rb8 13. Rfc1 e5 14. d4 exd4 15. exd4 Re8 16. Qf1 Nh5 17. cxb5 axb5 18. a3 c4 19. Re1 d5 20. Rxe8+ Bxe8 21. Qd1 Qb6 22. Nf1 Na5 23. b4 Nb3 24. Ra2 f5 25. Ne3 Nf6 26. Ne5 Rd8 27. Nd3 Qc7 28. Nc5 Nxc5 29. dxc5 d4 30. Bxd4 f4 31. gxf4 Qxf4 32. Rd2 Ne4 33. Bxe4 Qxe4 34. Bxg7 Rxd2 35. Qxd2 Kxg7 36. Qc3+ Kg8 37. Ng4 Qb1+ 38. Kh2 h5 39. Nf6+ Kf7 40. Nxe8 Kxe8 41. Qe5+ 1-0

[Event "AUT-chT 1920"]
[Site "Austria"]
[Date "2020.01.09"]
[Round "5.3"]
[White "Juhasz, Kristof"]
[Black "Weiss, Christian"]
[Result "1/2-1/2"]
[WhiteElo "2470"]
[BlackElo "2376"]
[PlyCount "78"]
[EventDate "2019.10.10"]
[EventType "team-tourn"]
[EventRounds "11"]
[EventCountry "AUT"]
[SourceTitle "CBM 194 Extra"]
[Source "ChessBase"]
[SourceDate "2020.03.31"]
[SourceVersion "1"]
[SourceVersionDate "2020.03.31"]
[SourceQuality "1"]
[WhiteTeam "Bad Voeslau"]
[BlackTeam "Ansfelden"]
[WhiteTeamCountry "AUT"]
[BlackTeamCountry "AUT"]

1. Nf3 Nf6 2. g3 e6 3. c4 b6 4. Bg2 Bb7 5. 0-0 c5 6. Nc3 Be7 7. d4 cxd4 8. Qxd4 0-0 9. Bg5 h6 10. Bxf6 Bxf6 11. Qd2 Bxc3 12. Qxc3 Qc7 13. Rfd1 Nc6 14. Qa3 Rfd8 15. Qd6 Rac8 16. b3 Qxd6 17. Rxd6 Rc7 18. Rad1 Kf8 19. h4 Ke7 20. Nd4 Nxd4 21. R6xd4 Bxg2 22. Kxg2 d6 23. Kf3 h5 24. e4 e5 25. Rd5 Rc5 26. Ke3 Rxd5 27. Rxd5 f6 28. f4 Rc8 29. f5 Rg8 30. Kf3 g6 31. fxg6 Rxg6 32. b4 Rg8 33. c5 dxc5 34. bxc5 Rc8 35. cxb6 Rc3+ 36. Kf2 axb6 37. Rb5 Rc2+ 38. Kf3 Rxa2 39. Rxb6 Ra3+ 1/2-1/2

[Event "AUT-chT 1920"]
[Site "Austria"]
[Date "2019.10.12"]
[Round "3.5"]
[White "Weiss, Christian"]
[Black "Svane, Rasmus"]
[Result "1/2-1/2"]
[WhiteElo "2376"]
[BlackElo "2592"]
[PlyCount "253"]
[EventDate "2019.10.10"]
[EventType "team-tourn"]
[EventRounds "11"]
[EventCountry "AUT"]
[SourceTitle "EXT 2020"]
[Source "ChessBase"]
[SourceDate "2019.10.17"]
[SourceVersion "1"]
[SourceVersionDate "2019.10.17"]
[SourceQuality "1"]
[WhiteTeam "Ansfelden"]
[BlackTeam "Jenbach"]
[WhiteTeamCountry "AUT"]
[BlackTeamCountry "AUT"]

1. c4 e6 2. Nf3 d5 3. e3 Nf6 4. Nc3 a6 5. d4 dxc4 6. a4 b6 7. Bxc4 Bb7 8. 0-0 Bb4 9. Qe2 0-0 10. Rd1 Qe7 11. Bd3 c5 12. Ne5 Rd8 13. Na2 cxd4 14. exd4 Nc6 15. Be3 Nxe5 16. dxe5 Nd5 17. Nxb4 Nxe3 18. Qxe3 Qxb4 19. Bf1 h6 20. b3 Rxd1 21. Rxd1 Bd5 22. Rd4 Qxb3 23. Qxb3 Bxb3 24. Rb4 Bc2 25. Rxb6 a5 26. Bb5 Rd8 27. h3 Rd4 28. Ra6 Bxa4 29. Rxa5 Bxb5 30. Rxb5 g5 31. g3 Kg7 32. Kg2 h5 33. Kf3 Rd3+ 34. Kg2 Rd1 35. Rb4 Re1 36. Rb5 Kg6 37. g4 Re4 38. Kf3 Rd4 39. Rb3 Rf4+ 40. Kg3 h4+ 41. Kg2 Kg7 42. Rb5 Rd4 43. Rb3 Re4 44. Rb5 Rc4 45. Ra5 Rd4 46. Ra3 Rd5 47. Re3 Kf8 48. Kg1 Ke7 49. Kg2 Rc5 50. Kg1 Rc4 51. Kg2 Rf4 52. Ra3 Rd4 53. Ra7+ Rd7 54. Ra3 Rc7 55. Rd3 Rc4 56. Ra3 Rc5 57. Re3 Rd5 58. Kg1 Kd8 59. Rf3 Rd7 60. Rf6 Ke7 61. Rf3 Rd1+ 62. Kg2 Re1 63. Ra3 Rxe5 64. Ra7+ Kf6 65. Rb7 Rd5 66. Ra7 Rd3 67. Rb7 Kg6 68. Ra7 Rd6 69. Rb7 Rd8 70. Ra7 Re8 71. Kf3 Kf6 72. Rb7 Re7 73. Rb5 Rd7 74. Kg2 Rd6 75. Ra5 Rc6 76. Rb5 e5 77. Ra5 Ke6 78. Rb5 Rd6 79. Ra5 f6 80. Ra1 Rc6 81. Ra2 Rb6 82. Rd2 Rb5 83. Ra2 Rd5 84. Ra6+ Rd6 85. Ra2 f5 86. gxf5+ Kxf5 87. Ra8 Rg6 88. Kf3 Rf6 89. Rg8 Rf7 90. Ra8 Kg6+ 91. Kg2 Rf6 92. Rb8 Rf5 93. Ra8 Kf7 94. Ra7+ Kg6 95. Ra8 Rf4 96. Rg8+ Kf5 97. Rf8+ Ke4 98. Rg8 Rf5 99. Ra8 Rf6 100. Rg8 Kf4 101. Rh8 Rg6 102. Rf8+ Ke4 103. Ra8 g4 104. Ra4+ Kf5 105. Ra3 Kf4 106. hxg4 Rxg4+ 107. Kf1 Rg5 108. Re3 e4 109. Ra3 Rh5 110. Kg2 Rd5 111. Rh3 Kg4 112. Re3 Kf4 113. Rh3 Rg5+ 114. Kf1 Rh5 115. Kg2 Rh6 116. Re3 Rg6+ 117. Kf1 Rd6 118. Rh3 Kg5 119. Re3 Kf5 120. f3 Kf4 121. Rxe4+ Kxf3 122. Re1 h3 123. Kg1 h2+ 124. Kh1 Rg6 125. Ra1 Rg1+ 126. Rxg1 hxg1Q+ 127. Kxg1 1/2-1/2

[Event "BL2-Ost 1819"]
[Site "Germany"]
[Date "2019.02.02"]
[Round "5.4"]
[White "Weiss, Christian"]
[Black "Schnider, Gert"]
[Result "1/2-1/2"]
[WhiteElo "2377"]
[BlackElo "2422"]
[PlyCount "24"]
[EventDate "2018.11.10"]
[EventType "team-tourn"]
[EventRounds "10"]
[EventCountry "GER"]
[SourceTitle "CBM 190 Extra"]
[Source "ChessBase"]
[SourceDate "2019.07.15"]
[SourceVersion "1"]
[SourceVersionDate "2019.07.15"]
[SourceQuality "1"]
[WhiteTeam "Passau"]
[BlackTeam "Muenchen SC"]
[WhiteTeamCountry "GER"]
[BlackTeamCountry "GER"]

1. b3 Nf6 2. Bb2 g6 3. c4 Bg7 4. Nf3 0-0 5. e3 c5 6. Be2 Nc6 7. 0-0 b6 8. d4 cxd4 9. Nxd4 Nxd4 10. Bxd4 Bb7 11. Bf3 Qc7 12. Nd2 Rac8 1/2-1/2

[Event "AUT-chT 1819"]
[Site "Austria"]
[Date "2019.01.20"]
[Round "8.5"]
[White "Predojevic, Borki"]
[Black "Weiss, Christian"]
[Result "1-0"]
[WhiteElo "2626"]
[BlackElo "2378"]
[PlyCount "93"]
[EventDate "2018.11.15"]
[EventType "team-tourn"]
[EventRounds "11"]
[EventCountry "AUT"]
[SourceTitle "CBM 188 Extra"]
[Source "ChessBase"]
[SourceDate "2019.02.26"]
[SourceVersion "1"]
[SourceVersionDate "2019.02.26"]
[SourceQuality "1"]
[WhiteTeam "Maria Saal"]
[BlackTeam "Ansfelden"]
[WhiteTeamCountry "AUT"]
[BlackTeamCountry "AUT"]

1. e4 c6 2. d4 d5 3. e5 Bf5 4. h4 h5 5. c4 e6 6. Nc3 Nd7 7. cxd5 exd5 8. Bd3 Ne7 9. Nge2 g6 10. Bg5 Bxd3 11. Qxd3 Bh6 12. f4 Bxg5 13. hxg5 Qb6 14. g4 0-0-0 15. gxh5 Qxb2 16. Rb1 Qa3 17. h6 Nf5 18. Kf2 Nb6 19. Rb3 Qa5 20. Ng3 Nxg3 21. Kxg3 Nc4 22. Rhb1 Rd7 23. Rb4 Qd8 24. Na4 b6 25. Nb2 Nxb2 26. R4xb2 Rc7 27. a4 Kd7 28. a5 b5 29. Qa3 Qe7 30. Qxe7+ Kxe7 31. Rc2 a6 32. Kg4 Ke6 33. Rbc1 Rhc8 34. h7 Kd7 35. f5 gxf5+ 36. Kxf5 Rh8 37. Rh2 Ke7 38. Rh6 b4 39. Rhxc6 Rxc6 40. Rxc6 Rxh7 41. Rxa6 Rh1 42. Ra7+ Ke8 43. e6 Rf1+ 44. Ke5 Re1+ 45. Kxd5 Rxe6 46. Kc4 Rg6 47. Rb7 1-0

[Event "AUT-chT 1819"]
[Site "Austria"]
[Date "2019.01.17"]
[Round "5.1"]
[White "Durakovic, Alman"]
[Black "Weiss, Christian"]
[Result "1/2-1/2"]
[WhiteElo "2268"]
[BlackElo "2378"]
[PlyCount "65"]
[EventDate "2018.11.15"]
[EventType "team-tourn"]
[EventRounds "11"]
[EventCountry "AUT"]
[SourceTitle "CBM 188 Extra"]
[Source "ChessBase"]
[SourceDate "2019.02.26"]
[SourceVersion "1"]
[SourceVersionDate "2019.02.26"]
[SourceQuality "1"]
[WhiteTeam "Salzburg Royal"]
[BlackTeam "Ansfelden"]
[WhiteTeamCountry "AUT"]
[BlackTeamCountry "AUT"]

1. d4 g6 2. c4 Bg7 3. Nf3 d6 4. g3 Nd7 5. Nc3 e5 6. Bg2 Ne7 7. e4 0-0 8. 0-0 h6 9. Be3 Kh7 10. Qd2 exd4 11. Bxd4 Ne5 12. b3 N7c6 13. Bxe5 dxe5 14. Qxd8 Nxd8 15. Nb5 Ne6 16. Bh3 Nd4 17. Bxc8 Nxf3+ 18. Kg2 Raxc8 19. Kxf3 a6 20. Nc3 Rfd8 21. Rfd1 Bf8 22. Rxd8 Rxd8 23. Rd1 Rxd1 24. Nxd1 Kg7 25. Ne3 c6 26. Nc2 a5 27. a3 Kf6 28. b4 axb4 29. axb4 b6 30. Ke3 Ke6 31. Kd3 h5 32. h3 Be7 33. Kc3 1/2-1/2

[Event "BL2-Ost 1819"]
[Site "Germany"]
[Date "2018.12.15"]
[Round "3.4"]
[White "Wall, Gavin"]
[Black "Weiss, Christian"]
[Result "0-1"]
[WhiteElo "2335"]
[BlackElo "2377"]
[PlyCount "126"]
[EventDate "2018.11.10"]
[EventType "team-tourn"]
[EventRounds "10"]
[EventCountry "GER"]
[SourceTitle "CBM 190 Extra"]
[Source "ChessBase"]
[SourceDate "2019.07.15"]
[SourceVersion "1"]
[SourceVersionDate "2019.07.15"]
[SourceQuality "1"]
[WhiteTeam "Bindlach"]
[BlackTeam "Passau"]
[WhiteTeamCountry "GER"]
[BlackTeamCountry "GER"]

1. e4 c5 2. Nf3 e6 3. b3 a6 4. Bb2 Nc6 5. g3 d6 6. Bg2 Nf6 7. e5 dxe5 8. Nxe5 Nxe5 9. Bxe5 Bd6 10. Qe2 Bxe5 11. Qxe5 Qd4 12. Qxd4 cxd4 13. Na3 Ke7 14. Nc4 Rb8 15. Ne5 Rd8 16. 0-0-0 Nd7 17. Nf3 Nc5 18. Rde1 f6 19. Nh4 g5 20. Nf3 a5 21. g4 h5 22. gxh5 b6 23. Rhg1 e5 24. Bf1 Bb7 25. Nxe5 fxe5 26. Rxe5+ Kd6 27. Rexg5 Ne6 28. Rg6 Be4 29. R6g4 Bf5 30. Rh4 Rbc8 31. d3 Rf8 32. Rg3 Bh7 33. f3 Rc7 34. Kd1 Rf4 35. Rhg4 Rcf7 36. Be2 R4f5 37. Rh4 Nf4 38. Rgg4 Ke5 39. h6 R5f6 40. Rg5+ Kd6 41. Kd2 Ne6 42. Rgg4 Bf5 43. Rg2 Rh7 44. c3 Rfxh6 45. Rxh6 Rxh6 46. cxd4 Nf4 47. Rf2 Rh4 48. Bf1 Be6 49. Be2 b5 50. Kc3 Kd5 51. Bf1 b4+ 52. Kb2 Kxd4 53. Rc2 Nxd3+ 54. Ka1 Rh5 55. Rd2 Bf5 56. Bxd3 Bxd3 57. Kb2 Ke3 58. Rg2 Bf1 59. Rc2 Rh3 60. a3 Bd3 61. Rg2 Kxf3 62. Rd2 Ke3 63. Kc1 Rf3 0-1

[Event "BL2-Ost 1819"]
[Site "Germany"]
[Date "2018.11.10"]
[Round "1.4"]
[White "Weiss, Christian"]
[Black "Haba, Petr"]
[Result "1/2-1/2"]
[WhiteElo "2377"]
[BlackElo "2445"]
[PlyCount "48"]
[EventDate "2018.11.10"]
[EventType "team-tourn"]
[EventRounds "10"]
[EventCountry "GER"]
[SourceTitle "CBM 190 Extra"]
[Source "ChessBase"]
[SourceDate "2019.07.15"]
[SourceVersion "1"]
[SourceVersionDate "2019.07.15"]
[SourceQuality "1"]
[WhiteTeam "Passau"]
[BlackTeam "Erfurt"]
[WhiteTeamCountry "GER"]
[BlackTeamCountry "GER"]

1. d4 d5 2. Nf3 Nf6 3. c4 c6 4. Nc3 dxc4 5. a4 Bf5 6. e3 e6 7. Bxc4 Bb4 8. 0-0 Nbd7 9. Qe2 0-0 10. Rd1 Bg6 11. Bd3 Bh5 12. Qc2 h6 13. Ne2 Qa5 14. Nd2 Bxe2 15. Bxe2 e5 16. Nc4 Qc7 17. Qb3 a5 18. Qc2 exd4 19. exd4 Nb6 20. g3 Nfd5 21. Nxb6 Qxb6 22. Bc4 Qd8 23. Qb3 Qd7 24. Bxd5 cxd5 1/2-1/2

[Event "AUT-chT2M 1718"]
[Site "Austria"]
[Date "2018.02.11"]
[Round "9.3"]
[White "Frosch, Erich"]
[Black "Weiss, Christian"]
[Result "0-1"]
[WhiteElo "2218"]
[BlackElo "2371"]
[PlyCount "77"]
[EventDate "2017.10.27"]
[EventType "team-tourn"]
[EventRounds "11"]
[EventCountry "AUT"]
[SourceTitle "EXT 2019"]
[Source "ChessBase"]
[SourceDate "2018.10.10"]
[SourceVersion "1"]
[SourceVersionDate "2018.10.10"]
[SourceQuality "1"]
[WhiteTeam "Gleisdorf"]
[BlackTeam "Ansfelden"]
[WhiteTeamCountry "AUT"]
[BlackTeamCountry "AUT"]

1. d4 Nf6 2. Nf3 e6 3. g3 b5 4. Bg2 Bb7 5. 0-0 h6 6. a4 b4 7. c4 bxc3 8. Nxc3 a5 9. Bf4 Na6 10. Re1 Bb4 11. Qd3 Be7 12. Rad1 Nb4 13. Qb1 c6 14. e4 d5 15. exd5 Nbxd5 16. Bd2 0-0 17. Ne5 c5 18. Nb5 cxd4 19. Nxd4 Qb6 20. Bc3 Rac8 21. Nb5 Bc5 22. Nd3 Nxc3 23. bxc3 Bxg2 24. Kxg2 Nd5 25. Qa2 Rfd8 26. Qe2 Bf8 27. Rc1 Qc6 28. Kg1 Qc4 29. Nb2 Qxe2 30. Rxe2 Nb6 31. c4 g5 32. Rec2 Rc5 33. Nd1 Nxc4 34. Ne3 Nb6 35. Nc3 f5 36. Rb1 Rc6 37. Ne2 Bc5 38. Rb5 Ra8 39. Ra2 0-1

[Event "AUT-chT2M 1718"]
[Site "Austria"]
[Date "2017.10.28"]
[Round "2.2"]
[White "Freitag, Manfred"]
[Black "Weiss, Christian"]
[Result "1/2-1/2"]
[WhiteElo "2387"]
[BlackElo "2382"]
[PlyCount "98"]
[EventDate "2017.10.27"]
[EventType "team-tourn"]
[EventRounds "11"]
[EventCountry "AUT"]
[SourceTitle "CBM 181 Extra"]
[Source "ChessBase"]
[SourceDate "2017.12.12"]
[SourceVersion "1"]
[SourceVersionDate "2017.12.12"]
[SourceQuality "1"]
[WhiteTeam "Fuerstenfeld/Hartberg"]
[BlackTeam "Ansfelden"]
[WhiteTeamCountry "AUT"]
[BlackTeamCountry "AUT"]

1. e4 c5 2. Nf3 e6 3. d4 cxd4 4. Nxd4 a6 5. c4 Nf6 6. Nc3 Qc7 7. Be2 Bb4 8. 0-0 Bxc3 9. bxc3 Nxe4 10. Bf3 Nc5 11. Nb3 d6 12. Bf4 e5 13. Nxc5 Qxc5 14. Be3 Qc7 15. Qb3 0-0 16. Rab1 Nc6 17. Bb6 Qe7 18. Rfe1 Be6 19. Rbd1 Rac8 20. Rd2 Nb8 21. Qa3 Nd7 22. Be3 Nc5 23. Red1 e4 24. Be2 Nd3 25. Bxd3 exd3 26. Rxd3 Bxc4 27. Rxd6 Rfe8 28. Qb2 Bb5 29. h3 Qc7 30. Rb6 Rcd8 31. Rxd8 Rxd8 32. f4 Re8 33. Qd2 h6 34. Bf2 Rd8 35. Qe1 Bc6 36. Rb4 Qa5 37. Bd4 Rd6 38. Qe5 Qxe5 39. fxe5 Rg6 40. Rb2 b5 41. Kh2 Bd5 42. a3 Bc4 43. g4 Rc6 44. Kg3 Kf8 45. h4 Ke7 46. Kf4 Be6 47. g5 hxg5+ 48. hxg5 Rc4 49. Rb4 Rxb4 1/2-1/2

[Event "AUT-chT2M 1617"]
[Site "Austria"]
[Date "2017.03.26"]
[Round "11.3"]
[White "Fahrner, Kurt"]
[Black "Weiss, Christian"]
[Result "0-1"]
[WhiteElo "2268"]
[BlackElo "2361"]
[PlyCount "56"]
[EventDate "2016.10.07"]
[EventType "team-tourn"]
[EventRounds "11"]
[EventCountry "AUT"]
[SourceTitle "CBM 177 Extra"]
[Source "ChessBase"]
[SourceDate "2017.04.27"]
[SourceVersion "1"]
[SourceVersionDate "2017.04.27"]
[SourceQuality "1"]
[WhiteTeam "Graz Austria"]
[BlackTeam "Ansfelden"]
[WhiteTeamCountry "AUT"]
[BlackTeamCountry "AUT"]

1. Nf3 e6 2. g3 b5 3. e4 Bb7 4. Qe2 c5 5. Bg2 a6 6. b3 d6 7. a4 b4 8. 0-0 Nf6 9. d3 Be7 10. Nbd2 d5 11. exd5 Bxd5 12. Bb2 Nbd7 13. Rae1 h6 14. Nc4 0-0 15. Ne3 Bb7 16. Nf5 Re8 17. Nxe7+ Qxe7 18. Ne5 Nxe5 19. Qxe5 Rad8 20. Qf4 Nd5 21. Qe4 Qd6 22. Qg4 f6 23. Re2 Re7 24. Rfe1 Rde8 25. h4 Kf7 26. h5 Nc7 27. Qg6+ Kf8 28. Re4 Bxe4 0-1